NRL All-Time Records - Statistics

General Stats
  • This quiz has been taken 40 times
  • The average score is 10 of 40
Answer Stats
Hint Answer % Correct
Most Consecutive Premierships St George Dragons
96%
Most Premierships South Sydney Rabbitohs
88%
Most Minor Premierships Sydney Roosters
77%
Most Consecutive Minor Premierships St George Dragons
69%
Most Runners-up Sydney Roosters
62%
Most Consecutive Wins Melbourne Storm
42%
Most Wooden Spoons Western Suburbs Magpies
42%
Greatest Win Margin in a Grand Final (Held by) Manly-Warringah Sea Eagles
38%
Most Consecutive Wooden Spoons Parramatta Eels
38%
Most Games Played(Held by) Cameron Smith
35%
Most Games Played at One Club(Held by) Cameron Smith
35%
Biggest Comeback in a Grand Final(Held by) Penrith Panthers
31%
Most Games Coached(Held by) Wayne Bennett
31%
Most Consecutive Runners-up Western Suburbs Magpies
31%
Most Points Scored in a Career (Held by) Cameron Smith
27%
Most Tries Scored in a Career(Held by) Ken Irvine
27%
Most Points Scored by a team in a Season Parramatta Eels
23%
Greatest Win Margin(Held by) St George Dragons
23%
Oldest Coach Wayne Bennett
23%
Highest Season Average Crowd(Held By) Brisbane Broncos
19%
Most Points scored in a Grand Final(Held by) South Sydney Rabbitohs
19%
Most Points Scored in a Season(Held by) Hazem El Masri
15%
Best Start to a Season(Held by) Manly-Warringah Sea Eagles
15%
Fewest Points scored in a Grand Final(Held by) Balmain Tigers
12%
Biggest Comeback(Held by) North Queensland Cowboys
12%
Fewest Points Conceded by a team in a Season South Sydney Rabbitohs
12%
Highest Score by a Losing Side(Held by) St George Illawarra Dragons
12%
Most Consecutive Losses University
12%
Most Tries Scored in a Season(Held by) Dave Brown
8%
Keeping Opposition Scoreless: Most Games in a Season Sydney Roosters
8%
Most Points Conceded by a team in a Season Western Suburbs Magpies
8%
Most Premierships won as a Coach (Held by) Arthur Halloway
4%
Oldest Player Billy Wilson
4%
Fewest Points Scored by a team in a Season Cumberland
4%
Most Points Scored in a Game(Held by) Dave Brown
4%
Most Tries Scored in a Game(Held by) Frank Burge
4%
Youngest Coach Johnny Slade
4%
Youngest Player Ray Stehr
4%
Largest Regular Season Double-Header Crowd 104.6k
0%
Largest Regular Season Crowd 59.7k
0%
No matching quizzes found
Score Distribution
Percent of People with Each Score
Percentile by Number Answered
Your Score History
You have not taken this quiz